• 首页
  • 本馆介绍
  • 公告通知
  • 最新文献
  • 馆藏检索
  • 电子资源
  • 读者导购
  • 参考咨询
  • 我的图书馆
  • 登录
  • 详细信息显示
  • 放入我的书架
  • 预约/预借图书
  • 作者相关作品
  • 分类相关作品
  • 丛书相关作品
  • 出版社相关作品

书目信息

  • 表格格式
  • 工作单格式
  • 卡片格式
题名:
经济控制论
    
 
作者: 何维凌 , 邓英淘 编
分册:  
出版信息: 成都   四川人民出版社  1984
页数: 310页
开本: 19cm
丛书名: 走向未来丛书
单 册:
中图分类: F224.1
科图分类:
主题词: 经济控制论
电子资源:
ISBN:
000 00728nam2 2200277 45
001 0184013378
005 20040425111113.0
010    @dCNY1.10
091    @a4118.18
100    @a19950427d1984 em y0chiy0121 ea
101 0  @achi
102    @aCN@b510000
105    @ay z 000yy
106    @ar
200 10 @a经济控制论@Ajing ji kong zhi lun@f何维凌,邓英淘编
210    @a成都@c四川人民出版社@d1984
215    @a310页@d19cm
225 2  @a走向未来丛书
410  0 @120010@a走向未来丛书
606    @a经济控制论
690    @aF224.1@v3
701  0 @a何维凌@Ahe wei ling@4编
701  0 @a邓英淘@Adeng ying tao@4编
801  0 @aCN@b上海图书馆@c20040425
801  2 @aCN@bNLC@c20040425
905    @f2@b172366-367@dF224.1@e83
    
    经济控制论/何维凌,邓英淘编.-成都:四川人民出版社,1984
    310页;19cm.-(走向未来丛书)
    
    
    ISBN :CNY1.10
    
●
相关链接 在E读中查询图书 在五车中查询图书 在当当中查询图书 在豆瓣中查询图书


正题名:经济控制论     索取号:F224.1/83         预约/预借

序号 登录号 条形码 馆藏地/架位号 状态 备注
1 0172366   000206716   第一借阅区/ [索取号:F224.1/83] 在馆    
2 0172367   000206672   密集书库/ [索取号:F224.1/83] 在馆    
3 0172368   000206681   第一样本阅览室/ [索取号:F224.1/83] 在馆    
唐山师范学院图书馆 欢迎您!
大连网信软件有限公司© 版权所有